ដំណើរទៅលេងអង្គរ / (Record no. 1543)
[ view plain ]
| 000 -LEADER | |
|---|---|
| fixed length control field | 02188nam a22003497a 4500 |
| 001 - CONTROL NUMBER | |
| control field | 1543 |
| 003 - CONTROL NUMBER IDENTIFIER | |
| control field | FISKH |
| 005 - DATE AND TIME OF LATEST TRANSACTION | |
| control field | 20230906103031.0 |
| 008 - FIXED-LENGTH DATA ELEMENTS--GENERAL INFORMATION | |
| fixed length control field | 230906b cb ||||| |||| 00| 0 khr d |
| 022 ## - INTERNATIONAL STANDARD SERIAL NUMBER | |
| Source | 9789924340478 |
| 040 ## - CATALOGING SOURCE | |
| Original cataloging agency | FISKH |
| Language of cataloging | eng |
| Transcribing agency | FISKH |
| Modifying agency | FISKH |
| 100 ## - MAIN ENTRY--PERSONAL NAME | |
| Personal name | Mengchheang, Sunheng |
| 245 ## - TITLE STATEMENT | |
| Title | ដំណើរទៅលេងអង្គរ / |
| Statement of responsibility, etc. | អត្ថបទដោយ ស៊ុនហេង ម៉េងឈាង, ហួត សារិទ្ធ, ឃួន វិច្ឆិកា និង ស៊ិន សុវណ្ណរតនា - ប្រឹក្សាយោបល់ដោយ Françoise Récamier |
| 250 ## - EDITION STATEMENT | |
| Edition statement | បោះពុម្ពលើកទី ៤ វិច្ឆិកា ២០២២ |
| 260 ## - PUBLICATION, DISTRIBUTION, ETC. | |
| Place of publication, distribution, etc. | Phnom Penh : |
| Name of publisher, distributor, etc. | Sipar, |
| Date of publication, distribution, etc. | 2022. |
| 300 ## - PHYSICAL DESCRIPTION | |
| Extent | 37 pages : |
| Other physical details | map ; color illustrations ; |
| Dimensions | 25 cm |
| 490 ## - SERIES STATEMENT | |
| Series statement | ស្វែងយល់ពី |
| 505 ## - FORMATTED CONTENTS NOTE | |
| Formatted contents note | Z <br/> |
| 520 ## - SUMMARY, ETC. | |
| Summary, etc. | ណែនាំមិត្តអ្នកអានវ័យក្មេងឱ្យយល់បន្ថែមទៀតក្នុងដំណើរទៅអង្គរ។ វាចាប់ផ្តើមពីអ្វីៗទាំងអស់អំពីអង្គរ ស្ថាបត្យកម្ម ចម្លាក់ ចម្លាក់ ចម្លាក់ ទេវកថា និងបរិស្ថានជុំវិញអង្គរ។ |
| 520 ## - SUMMARY, ETC. | |
| Summary, etc. | Guides young readers for more understanding on their journey to Angkor. It starts from everything about Angkor, architecture, sculpture, reliefs, mythology and environment around Angkor. |
| 521 8# - TARGET AUDIENCE NOTE | |
| Target audience note | 890 <br/> |
| Source | Lexile estimate |
| 521 8# - TARGET AUDIENCE NOTE | |
| Target audience note | Z <br/> |
| Source | Raz-Plus |
| 650 ## - SUBJECT ADDED ENTRY--TOPICAL TERM | |
| Source of heading or term | អង្គរ |
| Topical term or geographic name entry element | ស្ថាបត្យកម្ម |
| Form subdivision | ចម្លាក់ |
| General subdivision | ជំនឿ |
| Chronological subdivision | ទេវកថា |
| 650 ## - SUBJECT ADDED ENTRY--TOPICAL TERM | |
| Source of heading or term | Angkor |
| Topical term or geographic name entry element | Architecture |
| Form subdivision | Sculpture |
| General subdivision | Reliefs |
| Chronological subdivision | Mythology |
| 700 ## - ADDED ENTRY--PERSONAL NAME | |
| Personal name | Sarith, Huot |
| Relator term | Author |
| 700 ## - ADDED ENTRY--PERSONAL NAME | |
| Personal name | Vichheka, Khuon |
| Relator term | Author |
| 700 ## - ADDED ENTRY--PERSONAL NAME | |
| Personal name | Sovanrathna, Sin |
| Relator term | Author |
| 700 ## - ADDED ENTRY--PERSONAL NAME | |
| Personal name | Sovanrith, Khun |
| Relator term | illustrator |
| 700 ## - ADDED ENTRY--PERSONAL NAME | |
| Personal name | Ratha, Ouk |
| Relator term | illustrator |
| 700 ## - ADDED ENTRY--PERSONAL NAME | |
| Personal name | Visoth, Seng |
| Relator term | illustrator |
| 942 ## - ADDED ENTRY ELEMENTS (KOHA) | |
| Source of classification or shelving scheme | Dewey Decimal Classification |
| Koha item type | Books |
| Suppress in OPAC | No |
| Withdrawn status | Lost status | Source of classification or shelving scheme | Damaged status | Not for loan | Collection | Home library | Current library | Shelving location | Date acquired | Total Checkouts | Full call number | Barcode | Date last seen | Copy number | Price effective from | Koha item type | Date last checked out |
|---|---|---|---|---|---|---|---|---|---|---|---|---|---|---|---|---|---|
| Dewey Decimal Classification | Khmer Non-Fiction / សៀវភៅខ្មែរ រឿងពិត | Footprints International School Library Network Toul Kork Campus | Footprints International School Library Network Toul Kork Campus | TK Campus, Room B402, Khmer Book Case 16, Shelves 112-123 / ទូរសៀវភៅខ្មែរលេខ ១៦ ធ្នើរ ១១២ ដល់ ១២៣ បន្ទប់ B402 សាខាទួលគោក | 09/06/2023 | MEN 611 | 2023-0492 | 09/06/2023 | 1 | 09/06/2023 | Books | ||||||
| Dewey Decimal Classification | Khmer Non-Fiction / សៀវភៅខ្មែរ រឿងពិត | Footprints International School Library Network Toul Kork Campus | Footprints International School Library Network Toul Kork Campus | TK Campus, Room B402, Khmer Book Case 16, Shelves 112-123 / ទូរសៀវភៅខ្មែរលេខ ១៦ ធ្នើរ ១១២ ដល់ ១២៣ បន្ទប់ B402 សាខាទួលគោក | 09/06/2023 | 1 | MEN 611 | 2023-0493 | 06/09/2025 | 2 | 09/06/2023 | Books | 12/03/2024 |
